| 000 | 00448 a2200145 4500 | ||
|---|---|---|---|
| 001 | ART_6793 | ||
| 005 | 20260410161553.0 | ||
| 008 | 260409a | ||
| 245 | 1 | 0 | _aCriterios para el reflejo contable del deterioro de la tierra |
| 100 | 1 | _aSimaro, Gustavo | |
| 700 | 1 | _aSimaro, Jorge D. | |
| 700 | 1 | _aTonelli, Omar E. | |
| 700 | 1 | _aTorchelli, Valeria | |
| 773 | 0 |
_tProfesional & Empresaria _g- Año VIII, Nº 85 (oct. 2006) _wREV70 |
|
| 999 |
_c9002 _d9002 |
||